| 000 | 04320nam a22005775i 4500 | ||
|---|---|---|---|
| 001 | 978-3-319-73335-7 | ||
| 003 | DE-He213 | ||
| 005 | 20260304124407.0 | ||
| 007 | cr nn 008mamaa | ||
| 008 | 180419s2018 sz | s |||| 0|eng d | ||
| 020 |
_a9783319733357 _9978-3-319-73335-7 |
||
| 024 | 7 |
_a10.1007/978-3-319-73335-7 _2doi |
|
| 050 | 4 | _aJN1-9692.2 | |
| 072 | 7 |
_aJP _2bicssc |
|
| 072 | 7 |
_a1D _2bicssc |
|
| 072 | 7 |
_aPOL058000 _2bisacsh |
|
| 072 | 7 |
_aJP _x1D _2thema |
|
| 082 | 0 | 4 |
_a320.94 _223 |
| 245 | 1 | 0 |
_aSolidarity in Europe _h[electronic resource] : _bCitizens' Responses in Times of Crisis / _cedited by Christian Lahusen, Maria T. Grasso. |
| 250 | _a1st ed. 2018. | ||
| 264 | 1 |
_aCham : _bSpringer International Publishing : _bImprint: Palgrave Macmillan, _c2018. |
|
| 300 |
_aXX, 287 p. 3 illus. _bonline resource. |
||
| 336 |
_atext _btxt _2rdacontent |
||
| 337 |
_acomputer _bc _2rdamedia |
||
| 338 |
_aonline resource _bcr _2rdacarrier |
||
| 347 |
_atext file _bPDF _2rda |
||
| 490 | 1 |
_aPalgrave Studies in European Political Sociology, _x2946-6024 |
|
| 505 | 0 | _aSolidarity in Europe – European solidarity: An introduction; Christian Lahusen and Maria Grasso -- Towards a new conditionality of welfare? Reconsidering solidarity in the Danish welfare state; Hans-Jörg Trenz and Maria Grasso -- Solidarity activism in Germany: What explains different types and levels of engagement?; Johannes Kiess, Christian Lahusen, Ulrike Zschache -- Pulling together or pulling apart? Solidarity in the post-crisis United Kingdom; Tom Montgomery, Simone Baglioni, Olga Biosca and Maria Grasso -- Solidarity practices in Poland and their social capital foundations; Anna Kurowska and Maria Theiss -- The social and political dimensions of solidarity in Italy; Nicola Maggini -- Volunteering for refugees and asylum seekers in Greece; Stefania Kalogeraki -- Civic and political solidarity practices in Switzerland; Eva Fernandez G. -- Trajectories of solidarities in France across fields of vulnerability; Manlio Cinalli and Maria Jimena Sanhueza -- European Solidarity: a comparative assessment and discussion; Christian Lahusen and Maria Grasso. | |
| 506 | 0 | _aOpen Access | |
| 520 | _aThis open access volume provides evidence-based knowledge on European solidarity and citizen responses in times of crisis. Does the crisis of European integration translate into a crisis of European solidarity, and if yes, what are the manifestations at the level of individual citizens? How strongly is solidarity rooted at the individual level, both in terms of attitudes and practices? And which driving factors and mechanisms contribute to the reproduction and/or corrosion of solidarity in times of crisis? Using findings from the EU Horizon 2020 funded research project “European paths to transnational solidarity at times of crisis: Conditions, forms, role-models and policy responses” (TransSOL), the books addresses these questions and provides cross-national comparisons of eight European countries – Denmark, France, Germany, Greece, Italy, Poland, Switzerland, and the UK. It will appeal to students, scholars and policymakers interested in the Eurocrisis, politics and sociology. . | ||
| 650 | 0 |
_aEurope _xPolitics and government. _9524 |
|
| 650 | 0 | _aPolitical sociology. | |
| 650 | 0 |
_aComparative government. _9521 |
|
| 650 | 1 | 4 |
_aEuropean Politics. _9529 |
| 650 | 2 | 4 | _aPolitical Sociology. |
| 650 | 2 | 4 |
_aComparative Politics. _9526 |
| 700 | 1 |
_aLahusen, Christian. _eeditor. _4edt _4http://id.loc.gov/vocabulary/relators/edt _95788 |
|
| 700 | 1 |
_aGrasso, Maria T. _eeditor. _0(orcid)0000-0002-6911-2241 _1https://orcid.org/0000-0002-6911-2241 _4edt _4http://id.loc.gov/vocabulary/relators/edt _923748 |
|
| 710 | 2 | _aSpringerLink (Online service) | |
| 773 | 0 | _tSpringer Nature eBook | |
| 776 | 0 | 8 |
_iPrinted edition: _z9783319733340 |
| 776 | 0 | 8 |
_iPrinted edition: _z9783319733364 |
| 776 | 0 | 8 |
_iPrinted edition: _z9783030103569 |
| 830 | 0 |
_aPalgrave Studies in European Political Sociology, _x2946-6024 |
|
| 856 | 4 | 0 | _uhttps://doi.org/10.1007/978-3-319-73335-7 |
| 912 | _aZDB-2-POS | ||
| 912 | _aZDB-2-SXPI | ||
| 912 | _aZDB-2-SOB | ||
| 999 |
_c444131 _d444131 |
||